000 00429nam a2200145 4500
001 123896
003 ES-MaACL
007 t|
008 070214s1961 sp r ||||1| spa d
100 1 _aRamírez García, Julio.
_995147
245 1 0 _aBombas
_b: instalación y funcionamiento /
_cJulio Ramírez García.
260 _aBarcelona :
_bSintes,
_c1961.
300 _a83 p. :
_bil. ;
_c18 cm.
852 _aES-MaACL
_jG-10122
_bR.48141
999 _c123896
_d123896